000 02202nam0a2200397 4500
001 RU\NLR\bibl\1818720
005 20260406022223.0
021 _aRU
_b2011-69814
_94938
035 _a(nilc)RSL-KNO-005022099
035 _a(NLR Aleph) 001809288
090 _a1848394
_c1848394
100 _a20110905d2010 |||y0rusy50 ca
101 0 _arus
102 _aRU
105 _aa |||||||||
200 1 _aПервые эксперименты по регистрации нейтронов на ускорительном источнике для бор-нейтронозахватной терапии
_fА.С. Кузнецов, Г.Н. Малышкин, А.Н. Макаров [и др.]
210 _aНовосибирск
_cИнститут ядерной физики им. Г.И. Будкера СО РАН
_d2010
215 _a7 с.
_cил.
_d20
225 1 _aРоссийская академия наук, Сибирское отделение, Институт ядерной физики им. Г.И. Будкера СО РАН
_vИЯФ 2008-27
320 _aБиблиогр.: с. 7 (6 назв.)
606 _aНейтронозахватная терапия
_xАппараты и приборы
_92162383
_3RU\NLR\AUTH\6601538350
606 _aПерезарядные ускорители заряженных частиц
_xПучки нейтронов
_xФормирование
_92241432
_3RU\NLR\AUTH\6601576287
610 0 _aбор-нейтронозахватная терапия
686 _aР365с05,0
_2rubbk
686 1 _aР365.1с5
686 1 _aВ381.11
701 1 _4070
_7ca
_8rus
_aКузнецов
_bА. С.
_cфизик-ядерщик
_gАлександр Сергеевич
_9106694
_3RU\NLR\AUTH\77123769
701 1 _aМалышкин
_bГ. Н.
_4070
701 1 _4070
_7ca
_8rus
_aМакаров
_bА. Н.
_cканд. физ.-мат. наук, физика плазмы
_gАлександр Николаевич
_9106701
_3RU\NLR\AUTH\77123776
801 0 _aRU
_bRuMoRKP
_c20110905
_grcr
801 1 _aRU
_bРГБ
_c20110905
801 2 _aRU
_bNLR
_c20111010
_grcr
942 _cBOOK
980 _aNB